000 01077nam a22002297a 4500
001 2557
005 20241127153433.0
020 _a9780545258395
040 _aFISKH
_beng
_cFISKH
_dFISKH
050 _aPE1112.T47
082 _a428.2
100 _aTerban, Marvin
245 _aScholastic pocket guide to grammar /
_ca compendium of every rule you could ever possibly need ; by Marvin Terban as Professor Grammar
250 _aFirst printing, September 2010
260 _aNew York :
_bScholastic,
_c2010
300 _a123 pages :
_bcolor illustrations ;
_c16 cm
505 _aT
520 _aThe ultimate resource for proper grammar. The Scholastic Guide to Grammar is an easy-to-use, color-coded, tabbed guide packed full of information, examples, and tips for English language arts success. Write a paper, meet new people, apply for a job, and more, with perfect grammar, spelling, and punctuation. Join "Professor Grammar" on this guided journey through the intricacies of the English language.
521 _a850
_bLexile
521 _aT
_bRaz-Plus
942 _2ddc
_cBK
_n0
999 _c2557
_d2557